000 00641nam a2200229Ia 4500
003 OSt
005 20221005133608.0
006 a|||||r|||| 00| 0
007 ta
008 221004b |||||||| |||| 00| 0 hin d
024 _a65482
037 _cTextual
040 _aCRL
_cCRL
_bhin
041 _2hin
_ahin
082 _aMK311u2:N5, 152H9.1
100 _aदास गुप्ता, ले.
245 0 _aभारत में गाय
246 _aBhārat mean gāya
260 _c1949
942 _hMK311u2:N5, 152H9.1
_cTEXL
_2cc
999 _c1067310
_d1067310